Language Quiz

Random Language or French Quiz

Famous Movie Lines in French Quiz Stats

 Plays Quiz Updated Jul 23, 2017

Support Sporcle.
Go Orange.
Score 0/20 Timer 05:00
0 Plays Today
French Quote Movie % Correct
Houston, nous avons un problème.Apollo 13
86.7%
Voici Johnny!The Shining
85%
Je suis le roi du monde!Titanic
72.4%
Je m'appelle Groot.Guardians of the Galaxy
71.8%
Tu dois le faire et ne m’appelle plus Shirley. Airplane!
70.8%
Des serpents. Fallait que ce soit des serpents?Raiders of the Lost Ark
66.7%
Dis bonjour à mon petit ami.Scarface
63.6%
Laisse le flingue, prends les cannolis.The Godfather
62.2%
On ne pleure pas au baseball.A League of Their Own
61.3%
C'est à moi que tu parlesTaxi Driver
59.2%
French Quote Movie % Correct
Non, je suis ton père.Star Wars: Episode V The Empire Strikes Back
53.3%
Vous ne passerez pas.Lord of the Rings: The Fellowship of the Ring
50.3%
Je reviensThe Terminator
47%
Il va vous falloir un plus gros bateau. Jaws
46.3%
Ils arrivent.Poltergeist
41.3%
Ça va jusqu'à onze.This Is Spinal Tap
29%
Montre-moi le fric!Jerry Maguire
27.2%
Est-ce que tu comprends les mots qui sortent de ma bouche?Rush Hour
21.3%
On n'est jamais aussi bien que chez soi.The Wizard of Oz
14.8%
J'aime les câlins chauds.Frozen
4.1%

You're not logged in!

Compare scores with friends on all Sporcle quizzes.
OR
Log In
Forgot?

From the Vault

Vertebrate or Invertebrate Minefield Blitz

by jar514

Now here is a quiz with some backbone.
Remove Ads.
Support Sporcle.
Get the best of Sporcle when you Go Orange. This ad-free experience offers more features, more stats, and more fun while also helping to support Sporcle. Thank you for becoming a member.

Show Comments

Extras

Top Quizzes Today


Score Distribution

Your Account Isn't Verified!

In order to create a playlist on Sporcle, you need to verify the email address you used during registration. Go to your Sporcle Settings to finish the process.

Report this User

Report this user for behavior that violates our Community Guidelines.

Details: